Music Quiz

Random Music Quiz

Lyrics to 'Far Out' by Blur Quiz Stats

 Plays Quiz not verified by Sporcle

Challenge
Share
Tweet
Embed
Score 0/49 Timer 10:00
0 Plays Today
% Correct
I
98.6%
the
98.6%
I
98.6%
the
98.6%
the
98.6%
in
95.9%
in
95.9%
in
95.9%
in
95.9%
night
95.2%
night
95.2%
sky
93.9%
sky
93.9%
spy
91.8%
don't
89.8%
So
84.4%
at
84.4%
many
83.7%
moons
83.7%
Milky
82.3%
Way
82.3%
Sun
81%
Sun
81%
Sun
81%
Sun .....
81%
% Correct
Quiet
74.8%
Outside
71.4%
Phoebe
64.6%
Io
63.9%
Hot
60.5%
star
58.5%
Janus
57.1%
Portia
55.1%
Callisto
54.4%
Sinope
54.4%
Vega
54.4%
Wolf
53.7%
359
53.1%
Dione
50.3%
Barnard's
50.3%
Elara
43.5%
Capella
42.2%
Betelgeuse
40.8%
Hadar
37.4%
Altair
37.4%
Leda
34%
Antares
33.3%
Rigel
30.6%
Aldebaran
29.3%

You're not logged in!

Compare scores with friends on all Sporcle quizzes.
Join for Free
OR
Log In

You Might Also Like...

Show Comments

Extras

Created Mar 27, 2011ReportNominate
Tags:blur, far

Top Quizzes Today


Score Distribution

Your Account Isn't Verified!

In order to create a playlist on Sporcle, you need to verify the email address you used during registration. Go to your Sporcle Settings to finish the process.

Report this User

Report this user for behavior that violates our Community Guidelines.

Details: